La gran enciclopedia de la fruta: cocinar con fruta (Registro nro. 1995)

Detalles MARC
000 -CABECERA
campo de control de longitud fija 00773aam a2200253 4500
005 - FECHA Y HORA DE ACTUALIZACIÓN
campo de control 20161103104022.0
008 - LONGITUD FIJA
campo de control de longitud fija 150721b xxu||||| |||| 00| 0 spa d
041 ## - IDIOMA
Código de idioma del texto/pista de sonido o título separado
082 ## - CLASIFICACIÓN DECIMAL DEWEY
Número de clasificación 1.4.17 W594g
100 ## - AUTOR PERSONAL
Nombre de persona Whiteman, Kate, Mayhew, Maggie
245 ## - TÍTULO PROPIAMENTE DICHO
Título La gran enciclopedia de la fruta: cocinar con fruta
260 ## - PIE DE IMPRENTA
Lugar de publicación, distribución, etc. España
Nombre del editor, distribuidor, etc. Edipresse
Fecha de publicación, distribución, etc. 1998
300 ## - DESCRIPCIÓN FÍSICA
Extensión 127 páginas
650 ## - Materia General
Materia general RECETAS DE COCINA
650 ## - Materia General
Materia general FRUTAS
650 ## - Materia General
Materia general COCINAR CON FRUTAS
650 ## - Materia General
Materia general RECETAS CON MANZANA
650 ## - Materia General
Materia general RECETAS CON PERA
650 ## - Materia General
Materia general RECETAS CON CITRICOS
650 ## - Materia General
Materia general RECETAS CON FRUTAS EXÓTICAS
650 ## - Materia General
Materia general RECETAS CON MELÓN
650 ## - Materia General
Materia general RECETAS DE UVAS
942 ## - Punto de Acceso Adicional Koha
Tipo de ítem Koha Libro
Existencias
Estado perdido Estado dañado No para préstamo Biblioteca permanente Biblioteca actual Signatura completa Código de barras Precio efectivo a partir del Tipo de ítem
      Departamento de Biblioteca y Documentación Alfonso Chase Brenes Departamento de Biblioteca y Documentación Alfonso Chase Brenes 1.4.17 W594g 11480 31/08/2016 Libro